000 00755nam a2200229 a 4500
999 _c10564
_d10564
001 10564
003 BD-JhCC
005 20220725134023.0
008 180710s2017 bg |||| |||| 000 0 ben d
020 _a9789844952430
035 _a(BD-JhCC)10564
040 _aBD-JhCC
_dBD-JhCC
041 _aben
082 _a891.443
_bMAM 2017
100 _aমামুন, মোস্তফা
245 _aহাসির পাঁচ উপন্যাস /
_cমোস্তফা মামুন
260 _aঢাকা :
_bপার্ল পাবলিকেশন্স,
_c২০১৭.
300 _a৪১৫ পৃ. :
_c২০ সেমি.
650 _aBengali Novel
650 _aবাংলা উপন্যাস
942 _2ddc
_cBK
_011